Guess The KPOP Leader By Picture - Statistics

General Stats
  • This quiz has been taken 252 times
  • The average score is 12 of 16
Answer Stats
Picture Answer % Correct
RM
97%
Bangchan
96%
Soobin
88%
Yeji
87%
Jungwon
84%
Scoups
84%
Chaewon
82%
Jihyo
76%
Karina
75%
Soyeon
75%
Irene
66%
Hongjoong
65%
Taeyong
59%
Yujin
57%
Suho
34%
JB
25%
No matching quizzes found
Score Distribution
Percent of People with Each Score
Percentile by Number Answered
Your Score History
You have not taken this quiz